[Event "GRE-ch U16 Girls"]
[Site "Rio Achaia"]
[Date "2018.07.08"]
[Round "6"]
[White "Mihailidou, Magdalini"]
[Black "Hrysogelou, Athanasia Panagiota"]
[Result "1-0"]
[WhiteElo "1762"]
[BlackElo "1871"]
[PlyCount "57"]
[EventDate "2018.07.03"]
[EventType "swiss"]
[EventRounds "9"]
[EventCountry "GRE"]
[SourceTitle "EXT 2019"]
[Source "ChessBase"]
[SourceDate "2018.10.10"]
[SourceVersion "1"]
[SourceVersionDate "2018.10.10"]
[SourceQuality "1"]

1. e4 c5 2. Nf3 d6 3. d4 cxd4 4. Nxd4 Nf6 5. Nc3 a6 6. Qd3 Nbd7 7. Bg5 Qc7 8. Be2 b5 9. a3 Bb7 10. Qe3 e6 11. f4 Be7 12. 0-0-0 Rc8 13. Kb1 Qb6 14. Rhe1 b4 15. axb4 Qxb4 16. Bf3 Nb6 17. Nb3 Nc4 18. Qd3 Nd7 19. Na2 Qb6 20. Bxe7 Kxe7 21. f5 Nde5 22. Qd4 Qc7 23. fxe6 fxe6 24. Be2 Rhd8 25. Bxc4 Qxc4 26. Qf2 Bxe4 27. Qh4+ g5 28. Qxe4 Qxe4 29. Rxe4 1-0

[Event "GRE-ch U16 Girls"]
[Site "Rio Achaia"]
[Date "2018.07.04"]
[Round "2"]
[White "Gkolfinopoulou, Marina"]
[Black "Hrysogelou, Athanasia Panagiota"]
[Result "0-1"]
[WhiteElo "1135"]
[BlackElo "1871"]
[PlyCount "126"]
[EventDate "2018.07.03"]
[EventType "swiss"]
[EventRounds "9"]
[EventCountry "GRE"]
[SourceTitle "EXT 2019"]
[Source "ChessBase"]
[SourceDate "2018.10.10"]
[SourceVersion "1"]
[SourceVersionDate "2018.10.10"]
[SourceQuality "1"]

1. e4 c5 2. c3 Nf6 3. e5 Nd5 4. d4 cxd4 5. cxd4 Nc6 6. Nf3 d6 7. Bc4 dxe5 8. Nxe5 e6 9. Nxc6 bxc6 10. 0-0 Bd6 11. Nd2 0-0 12. Nf3 Qc7 13. b3 Bb7 14. Bb2 Rfd8 15. Rc1 Bf4 16. Ra1 Rac8 17. Qe2 Nb6 18. g3 Nxc4 19. bxc4 Bd6 20. c5 Be7 21. Rfd1 Rd5 22. Rd2 Rcd8 23. Bc3 Bf6 24. Rad1 Rb8 25. Rb2 Ba8 26. Rxb8+ Qxb8 27. Qb2 Qxb2 28. Bxb2 g5 29. g4 Bb7 30. Rd2 Bd8 31. Bc3 Bc7 32. Re2 Kg7 33. h4 gxh4 34. Nxh4 Kf8 35. Nf3 Ke7 36. Ne5 f6 37. Nd3 Ba6 38. Re3 Bxd3 39. Rxd3 Rg5 40. f3 h5 41. Bd2 Rg8 42. Kf2 hxg4 43. fxg4 Rxg4 44. Be3 Rg8 45. Rb3 Rb8 46. Kf3 Rxb3 47. axb3 e5 48. dxe5 Bxe5 49. Ke4 Ke6 50. Kd3 Kd5 51. Bf2 f5 52. b4 a6 53. Bh4 Bd4 54. Bg3 Be5 55. Bf2 Bf6 56. Bg3 Bd8 57. Bd6 a5 58. bxa5 Bxa5 59. Ke3 Bb4 60. Kf4 Bxc5 61. Bc7 Bd6+ 62. Bxd6 Kxd6 63. Kxf5 Kd5 0-1

[Event "GRE-ch U16 Girls"]
[Site "Rio Achaia"]
[Date "2018.07.03"]
[Round "1"]
[White "Hrysogelou, Athanasia Panagiota"]
[Black "Bania, Eleni"]
[Result "0-1"]
[WhiteElo "1871"]
[BlackElo "1349"]
[PlyCount "86"]
[EventDate "2018.07.03"]
[EventType "swiss"]
[EventRounds "9"]
[EventCountry "GRE"]
[SourceTitle "EXT 2019"]
[Source "ChessBase"]
[SourceDate "2018.10.10"]
[SourceVersion "1"]
[SourceVersionDate "2018.10.10"]
[SourceQuality "1"]

1. d4 d5 2. c4 e6 3. Nf3 c6 4. g3 f5 5. Bg2 Nf6 6. b3 Bd6 7. 0-0 0-0 8. Ba3 Bxa3 9. Nxa3 Nbd7 10. Qd3 Ne4 11. b4 Kh8 12. b5 g5 13. cxd5 cxd5 14. Nd2 Ndf6 15. f3 Nxd2 16. Qxd2 Nh5 17. e3 f4 18. Qe1 fxg3 19. hxg3 Qd6 20. Nc2 Nxg3 21. Rf2 Bd7 22. Rb1 Nf5 23. Rd2 Nh4 24. Qf2 Nxf3+ 25. Bxf3 g4 26. Qh4 gxf3 27. Rh2 Rf7 28. Kf2 Rg8 29. Rbh1 Rg2+ 30. Rxg2 fxg2+ 31. Kxg2 Bxb5 32. Ne1 Rg7+ 33. Kf2 Qf8+ 34. Nf3 Bd3 35. Qh5 Be4 36. Rh3 Qf6 37. Qe8+ Rg8 38. Qd7 Qg7 39. Qxe6 Bxf3 40. Rxf3 Qg1+ 41. Ke2 Rg2+ 42. Kd3 Qd1+ 43. Kc3 Rc2+ 0-1

[Event "Athens Iraklion op 20th"]
[Site "Athens"]
[Date "2017.06.17"]
[Round "1"]
[White "Sonis, Francesco"]
[Black "Hrysogelou, Athanasia Panagiota"]
[Result "1-0"]
[WhiteElo "2450"]
[BlackElo "1878"]
[PlyCount "73"]
[EventDate "2017.06.17"]
[EventType "swiss"]
[EventRounds "9"]
[EventCountry "GRE"]
[SourceTitle "CBM 179 Extra"]
[Source "ChessBase"]
[SourceDate "2017.08.23"]
[SourceVersion "1"]
[SourceVersionDate "2017.08.23"]
[SourceQuality "1"]

1. Nf3 c5 2. c4 Nc6 3. g3 g6 4. Bg2 Bg7 5. Nc3 Nf6 6. 0-0 d6 7. d4 cxd4 8. Nxd4 Nxd4 9. Qxd4 0-0 10. Qd3 a6 11. Rd1 Qc7 12. Bg5 Be6 13. b3 Rac8 14. Rac1 Rfe8 15. Qd2 Ng4 16. h3 Ne5 17. Be3 Nd7 18. Nd5 Bxd5 19. Qxd5 Qc6 20. Qd2 Qc7 21. c5 Qb8 22. cxd6 Rxc1 23. Rxc1 exd6 24. Qd5 b6 25. Qc6 Rd8 26. Qc7 Nc5 27. Qxb8 Rxb8 28. Rd1 Bf8 29. Rc1 Bg7 30. Bd5 a5 31. Rc2 Kf8 32. a3 Kg8 33. b4 axb4 34. axb4 Ne6 35. Kf1 Kf8 36. Rc6 Bc3 37. Rxc3 1-0

[Event "GRE-ch U20 Girls"]
[Site "Chania"]
[Date "2017.01.04"]
[Round "4.4"]
[White "Hrysogelou, Athanasia Panagiota"]
[Black "Filoxeni, Danai"]
[Result "1/2-1/2"]
[WhiteElo "1703"]
[BlackElo "1509"]
[PlyCount "104"]
[EventDate "2017.01.02"]
[EventType "swiss"]
[EventRounds "9"]
[EventCountry "GRE"]
[SourceTitle "EXT 2024"]
[Source "ChessBase"]
[SourceDate "2023.10.10"]
[SourceVersion "1"]
[SourceVersionDate "2023.10.10"]
[SourceQuality "1"]

1. d4 Nf6 2. c4 Nc6 3. Nf3 e6 4. Nc3 Bb4 5. Bd2 d6 6. e3 e5 7. d5 Bxc3 8. Bxc3 Ne7 9. Be2 0-0 10. 0-0 h6 11. Rc1 Re8 12. b4 b6 13. Bb2 Bd7 14. Nd2 Bf5 15. f4 Qd7 16. fxe5 dxe5 17. Nf3 Ng6 18. Qb3 Rad8 19. Rfd1 Qc8 20. Bc3 Ng4 21. Be1 Re7 22. Nh4 Ree8 23. Nxg6 Bxg6 24. Bh4 Nf6 25. Rf1 Rd6 26. c5 bxc5 27. bxc5 Rxd5 28. Bxf6 Rd2 29. Qc4 gxf6 30. Rxf6 Kh7 31. Rcf1 Rf8 32. Bg4 Qb7 33. R6f2 Rxf2 34. Rxf2 Qb1+ 35. Rf1 Qe4 36. Qxe4 Bxe4 37. Bh5 Bg6 38. Bxg6+ Kxg6 39. Rb1 Rd8 40. Rb7 Rd1+ 41. Kf2 Rd2+ 42. Kf3 Rxa2 43. Rxc7 a5 44. Ra7 a4 45. c6 a3 46. Ke4 Rc2 47. Kd5 a2 48. Ra6 Kf5 49. Ra7 Kf6 50. c7 Rxc7 51. Rxa2 Rc3 52. Ke4 Rc6 1/2-1/2

[Event "Athens ChessSquare Autumn op"]
[Site "Athens"]
[Date "2016.09.10"]
[Round "1"]
[White "Nikolaou, Georgios"]
[Black "Hrysogelou, Athanasia Panagiota"]
[Result "1-0"]
[WhiteElo "2225"]
[BlackElo "1633"]
[PlyCount "77"]
[EventDate "2016.09.10"]
[EventType "swiss"]
[EventRounds "7"]
[EventCountry "GRE"]
[SourceTitle "EXT 2024"]
[Source "ChessBase"]
[SourceDate "2023.10.10"]
[SourceVersion "1"]
[SourceVersionDate "2023.10.10"]
[SourceQuality "1"]

1. d4 Nf6 2. c4 e6 3. g3 c5 4. Nf3 cxd4 5. Nxd4 Bc5 6. Bg2 0-0 7. 0-0 d6 8. Nc3 a6 9. Nb3 Bb6 10. Bg5 Bc7 11. Ne4 Nbd7 12. Nxd6 Rb8 13. Qd2 h6 14. Bf4 e5 15. Be3 Ng4 16. Nxc8 Nxe3 17. fxe3 Rxc8 18. Bh3 Nf6 19. Bxc8 Qxc8 20. Kg2 Bb6 21. c5 Qc6+ 22. Rf3 Ne4 23. Qb4 Bc7 24. Rd1 Ng5 25. Qc4 Nxf3 26. exf3 Bb8 27. Rd2 Rc8 28. Qd5 Qxd5 29. Rxd5 f6 30. e4 Ba7 31. Kf2 Rc7 32. Ke2 Kf7 33. Kd3 Ke6 34. Kc4 b6 35. Rd6+ Ke7 36. Kd5 bxc5 37. Na5 Kf7 38. Nc6 Rb7 39. Nd8+ 1-0

[Event "EU-ch U14 Girls 26th"]
[Site "Prague"]
[Date "2016.08.24"]
[Round "6"]
[White "Hrysogelou, Athanasia Panagiota"]
[Black "Hercog, Nusa"]
[Result "0-1"]
[WhiteElo "1695"]
[BlackElo "1865"]
[PlyCount "148"]
[EventDate "2016.08.18"]
[EventType "swiss"]
[EventRounds "9"]
[EventCountry "CZE"]
[SourceTitle "CBM 174 Extra"]
[Source "ChessBase"]
[SourceDate "2016.10.10"]
[SourceVersion "1"]
[SourceVersionDate "2016.10.10"]
[SourceQuality "1"]

1. d4 d5 2. c4 c6 3. Nf3 Nf6 4. e3 e6 5. Bd3 Nbd7 6. Nbd2 Bd6 7. 0-0 0-0 8. e4 dxe4 9. Nxe4 Nxe4 10. Bxe4 f5 11. Bc2 e5 12. c5 Bb8 13. b4 e4 14. Ng5 Nf6 15. Bb3+ Nd5 16. f3 e3 17. f4 h6 18. Nh3 Re8 19. Re1 Be6 20. Bxd5 Bxd5 21. Bxe3 Qf6 22. Bf2 Be4 23. Qd2 Bc7 24. a4 a6 25. Be3 Qg6 26. Ra2 Rad8 27. Rb2 Re7 28. Qf2 Rde8 29. Qg3 Qxg3 30. hxg3 Bxg2 31. Kxg2 Rxe3 32. Rxe3 Rxe3 33. b5 axb5 34. axb5 Rd3 35. b6 Bd8 36. Ra2 Rxd4 37. Ra7 Rd7 38. Ng1 Be7 39. Ra5 Rd5 40. Ra7 Rd7 41. Ra5 Rd2+ 42. Kf3 Rc2 43. Ra8+ Kh7 44. Ra7 Bxc5 45. Ne2 Bxb6 46. Rxb7 Rb2 47. Rb8 c5 48. Rc8 Rc2 49. Rc6 Ba5 50. Ke3 Bb4 51. Kd3 Ra2 52. Ke3 Be1 53. Kd3 Ra3+ 54. Kc2 Bf2 55. Kd2 Bxg3 56. Rxc5 Kg6 57. Nxg3 Rxg3 58. Ke2 Kf6 59. Rc6+ Kf7 60. Rc5 Kg6 61. Kf2 Rd3 62. Rb5 Rd4 63. Kf3 Re4 64. Rc5 Kf6 65. Rc6+ Re6 66. Rc8 g5 67. Rf8+ Kg6 68. fxg5 hxg5 69. Rg8+ Kh6 70. Rh8+ Kg7 71. Rh5 Kg6 72. Rh8 g4+ 73. Kf4 Re4+ 74. Kg3 Re3+ 0-1

[Event "GRE-chT 44th"]
[Site "Achaia"]
[Date "2016.07.10"]
[Round "7.1"]
[White "Zawadzka, Jolanta"]
[Black "Hrysogelou, Athanasia Panagiota"]
[Result "1-0"]
[WhiteElo "2440"]
[BlackElo "1774"]
[PlyCount "71"]
[EventDate "2016.07.05"]
[EventType "team-swiss"]
[EventRounds "7"]
[EventCountry "GRE"]
[SourceTitle "CBM 173 Extra"]
[Source "ChessBase"]
[SourceDate "2016.08.29"]
[SourceVersion "1"]
[SourceVersionDate "2016.08.29"]
[SourceQuality "1"]
[WhiteTeam "Thessaloniki HS"]
[BlackTeam "Peristeriou CP"]
[WhiteTeamCountry "GRE"]
[BlackTeamCountry "GRE"]

1. e4 c5 2. Nf3 e6 3. d4 cxd4 4. Nxd4 Nc6 5. Nc3 Qc7 6. Be3 a6 7. Qd2 Be7 8. 0-0-0 Nf6 9. f3 b5 10. g4 Nxd4 11. Bxd4 Bb7 12. g5 Nh5 13. Ne2 Rc8 14. h4 0-0 15. Bh3 f5 16. exf5 exf5 17. Bg2 a5 18. Kb1 b4 19. Rhe1 Ba6 20. f4 Bd6 21. Bf3 Bxe2 22. Bxe2 Nxf4 23. Ba6 Rce8 24. b3 Ne6 25. Bb2 Bg3 26. Re2 Rd8 27. Bc4 Kh8 28. g6 Bf4 29. Qe1 Bg3 30. Qh1 h6 31. Qf3 Qf4 32. Qb7 Qc7 33. Qb5 Kg8 34. Rxd7 Rxd7 35. Bxe6+ Kh8 36. Qxd7 1-0

[Event "GRE-chT 44th"]
[Site "Achaia"]
[Date "2016.07.09"]
[Round "6.1"]
[White "Hrysogelou, Athanasia Panagiota"]
[Black "Botsari, Anna Maria"]
[Result "0-1"]
[WhiteElo "1774"]
[BlackElo "2346"]
[PlyCount "120"]
[EventDate "2016.07.05"]
[EventType "team-swiss"]
[EventRounds "7"]
[EventCountry "GRE"]
[SourceTitle "CBM 173 Extra"]
[Source "ChessBase"]
[SourceDate "2016.08.29"]
[SourceVersion "1"]
[SourceVersionDate "2016.08.29"]
[SourceQuality "1"]
[WhiteTeam "Peristeriou CP"]
[BlackTeam "Kavalas SO"]
[WhiteTeamCountry "GRE"]
[BlackTeamCountry "GRE"]

1. d4 d5 2. c4 e6 3. Nc3 Nf6 4. Bg5 Nbd7 5. e3 c6 6. a3 Be7 7. Nf3 0-0 8. Bd3 dxc4 9. Bxc4 b5 10. Bd3 a6 11. Qc2 h6 12. Bxf6 Nxf6 13. Ne4 Nxe4 14. Bxe4 Bb7 15. Ne5 Rc8 16. 0-0 Bd6 17. Nf3 f5 18. Bd3 c5 19. Qe2 cxd4 20. exd4 Bxf3 21. Qxf3 Qh4 22. g3 Qxd4 23. a4 bxa4 24. Bxa6 Rb8 25. Rfd1 Qxb2 26. Rxa4 Rb6 27. Bc4 Bc5 28. Ra2 Qb4 29. Qe2 Kh8 30. Rad2 Rc6 31. Bxe6 Bxf2+ 32. Kxf2 Qb6+ 33. Qe3 Rxe6 34. Qxb6 Rxb6 35. Rd6 Rbb8 36. Kf3 Kh7 37. R1d3 Rfc8 38. h3 Rb1 39. Rd2 Rf1+ 40. Rf2 Rc3+ 41. Kg2 Ra1 42. Rxf5 Raa3 43. g4 Rxh3 44. Rf4 Rhg3+ 45. Kf2 Rgb3 46. Re6 Rb2+ 47. Re2 Rxe2+ 48. Kxe2 Kg6 49. Kf2 Kg5 50. Rb4 g6 51. Kg2 Kh4 52. Kf2 Ra6 53. Rf4 g5 54. Rb4 Rf6+ 55. Ke3 Kg3 56. Ra4 Re6+ 57. Kd3 Kf3 58. Rd4 Re3+ 59. Kd2 Re2+ 60. Kd3 Rh2 0-1

[Event "GRE-chT 44th"]
[Site "Achaia"]
[Date "2016.07.08"]
[Round "5.3"]
[White "Antova, Gabriela"]
[Black "Hrysogelou, Athanasia Panagiota"]
[Result "1-0"]
[WhiteElo "2292"]
[BlackElo "1774"]
[PlyCount "99"]
[EventDate "2016.07.05"]
[EventType "team-swiss"]
[EventRounds "7"]
[EventCountry "GRE"]
[SourceTitle "CBM 173 Extra"]
[Source "ChessBase"]
[SourceDate "2016.08.29"]
[SourceVersion "1"]
[SourceVersionDate "2016.08.29"]
[SourceQuality "1"]
[WhiteTeam "Chania Chess Academy"]
[BlackTeam "Peristeriou CP"]
[WhiteTeamCountry "GRE"]
[BlackTeamCountry "GRE"]

1. d4 Nf6 2. Nf3 e6 3. c4 b6 4. a3 Ba6 5. Qc2 Bb7 6. Nbd2 d5 7. e3 Bd6 8. c5 Be7 9. b4 0-0 10. Bd3 a5 11. Bb2 c6 12. 0-0 bxc5 13. dxc5 Ba6 14. Ne5 Bxd3 15. Qxd3 Nfd7 16. Nxd7 Nxd7 17. e4 Qb8 18. Bc3 Bf6 19. exd5 exd5 20. Nb3 axb4 21. axb4 Qc7 22. Bxf6 Nxf6 23. Ra6 Nd7 24. Na5 Rxa6 25. Qxa6 Nb8 26. Qb6 Rc8 27. Re1 Kf8 28. Nb7 Nd7 29. Qxc7 Rxc7 30. Nd6 Nf6 31. Ra1 g6 32. Ra8+ Ke7 33. f3 Nh5 34. g3 Nf6 35. g4 Ke6 36. Kf2 d4 37. Ke2 Nd5 38. Kd3 Nxb4+ 39. Kxd4 Nd5 40. h4 Nf4 41. Ke4 Nd5 42. Kd4 Nf4 43. Rh8 f6 44. Ra8 Nd5 45. h5 gxh5 46. gxh5 Nf4 47. h6 Ng6 48. Ke4 Ne5 49. f4 Nd7 50. Re8# 1-0

[Event "GRE-ch U14 Girls"]
[Site "Rio Achaia"]
[Date "2015.07.01"]
[Round "6.5"]
[White "Hrysogelou, Athanasia Panagiota"]
[Black "Papaefstratiou, Despina"]
[Result "1-0"]
[WhiteElo "1657"]
[BlackElo "1209"]
[PlyCount "153"]
[EventDate "2015.06.26"]
[EventType "swiss"]
[EventRounds "7"]
[EventCountry "GRE"]
[SourceTitle "EXT 2024"]
[Source "ChessBase"]
[SourceDate "2023.10.10"]
[SourceVersion "1"]
[SourceVersionDate "2023.10.10"]
[SourceQuality "1"]

1. d4 e6 2. c4 b6 3. Nc3 Bb7 4. e4 Bb4 5. Bd3 Bxc3+ 6. bxc3 Nf6 7. f3 d6 8. Ne2 0-0 9. 0-0 Nbd7 10. Bg5 c5 11. a4 e5 12. d5 h6 13. Be3 Nh7 14. Ng3 Ndf6 15. Qb3 a6 16. Rfb1 Nd7 17. Nf5 Qf6 18. a5 h5 19. Qa4 Rfd8 20. Bf2 Nhf8 21. Bh4 g5 22. Bf2 Ng6 23. axb6 Nf4 24. Qc2 h4 25. Bf1 Nf8 26. Qd2 Kh7 27. Be3 Kg6 28. g3 hxg3 29. hxg3 Nh5 30. Qh2 Nd7 31. g4 Rh8 32. gxh5+ Rxh5 33. Qg3 Rah8 34. Bg2 Nb8 35. Kf2 Bc8 36. Qg4 Bxf5 37. Qxf5+ Qxf5 38. exf5+ Kxf5 39. Rh1 Rxh1 40. Rxh1 Rxh1 41. Bxh1 Kg6 42. Bg2 f5 43. Bf1 f4 44. Bd2 a5 45. Bh3 Kf6 46. Be6 Kg6 47. Kg2 Kh6 48. Kh3 Kh5 49. Bf7+ Kh6 50. Kg4 Kg7 51. Be8 Kf6 52. Kh5 Kf5 53. Bg6+ Kf6 54. Kh6 Nd7 55. b7 Nb8 56. Kh7 a4 57. Bc1 Ke7 58. Bc2 g4 59. fxg4 f3 60. Be3 a3 61. Bb3 Kd7 62. g5 Kc7 63. g6 Nd7 64. Kg7 e4 65. Kh7 Kxb7 66. g7 Nf6+ 67. Kh8 Kc7 68. g8Q Nxg8 69. Kxg8 Kd7 70. Kf7 Kd8 71. Ke6 Kc7 72. Ke7 Kb7 73. Kxd6 Kb6 74. Ke7 Kc7 75. d6+ Kc6 76. d7 Kc7 77. d8Q+ 1-0

[Event "GRE-ch U14 Girls"]
[Site "Rio Achaia"]
[Date "2015.06.28"]
[Round "3.3"]
[White "Vozinaki, Anthi Maria"]
[Black "Hrysogelou, Athanasia Panagiota"]
[Result "1-0"]
[WhiteElo "1819"]
[BlackElo "1657"]
[PlyCount "125"]
[EventDate "2015.06.26"]
[EventType "swiss"]
[EventRounds "7"]
[EventCountry "GRE"]
[SourceTitle "EXT 2024"]
[Source "ChessBase"]
[SourceDate "2023.10.10"]
[SourceVersion "1"]
[SourceVersionDate "2023.10.10"]
[SourceQuality "1"]

1. e4 c5 2. Nf3 d6 3. d4 cxd4 4. Nxd4 Nf6 5. Nc3 a6 6. Bg5 Nbd7 7. Bc4 Qb6 8. Bb3 e6 9. f3 Be7 10. Qd2 h6 11. Be3 Nc5 12. 0-0-0 Qc7 13. g4 Nfd7 14. h4 Nxb3+ 15. axb3 Ne5 16. Rdg1 Bd7 17. f4 Nc6 18. g5 h5 19. Qf2 Qa5 20. Nxc6 Bxc6 21. Bb6 Qb4 22. Qe3 Bd8 23. Bd4 Rg8 24. g6 f6 25. Nd5 Bxd5 26. exd5 e5 27. Qh3 Be7 28. Qe6 Rf8 29. Bc3 Qxf4+ 30. Kb1 Qe3 31. Re1 Qc5 32. Qf5 Qc8 33. Qxh5 Qd7 34. Qh7 Bd8 35. h5 Bb6 36. h6 0-0-0 37. Qxg7 Qxg7 38. hxg7 Rg8 39. Ref1 Rxg7 40. Rxf6 Rdg8 41. Rxd6 Bc7 42. Re6 Rxg6 43. Kc1 Rxe6 44. dxe6 Re8 45. Rh6 e4 46. Kd1 Bf4 47. Rf6 Be3 48. Ke2 Bc5 49. Be5 Bb6 50. c3 Bc7 51. Bd4 Bd8 52. Rg6 Kc7 53. Be5+ Kc8 54. Ke3 Bc7 55. Bd4 Bh2 56. Kxe4 Kc7 57. Kf5 Kd6 58. b4 Rf8+ 59. Rf6 Re8 60. Bc5+ Kc7 61. Rf7+ Kc6 62. Kf6 b6 63. Rf8 1-0

[Event "EU-ch U12 Girls 24th"]
[Site "Batumi"]
[Date "2014.10.26"]
[Round "7"]
[White "Shpanko, Nadiia"]
[Black "Hrysogelou, Athanasia Panagiota"]
[Result "1-0"]
[WhiteElo "1693"]
[BlackElo "1635"]
[PlyCount "60"]
[EventDate "2014.10.19"]
[EventType "swiss"]
[EventRounds "9"]
[EventCountry "GEO"]
[SourceTitle "EXT 2016"]
[Source "ChessBase"]
[SourceDate "2015.10.08"]
[SourceVersion "1"]
[SourceVersionDate "2015.10.08"]
[SourceQuality "1"]

1. d4 Nf6 2. c4 e6 3. Nc3 Bb4 4. Bg5 h6 5. Bh4 c5 6. d5 Bxc3+ 7. bxc3 d6 8. e3 Qe7 9. Bd3 Nbd7 10. dxe6 Qxe6 11. Ne2 0-0 12. 0-0 b6 13. Qc2 Bb7 14. Rad1 Ne4 15. f3 Nef6 16. Bf2 Ne5 17. Nf4 Qe8 18. Be2 Qc6 19. Nd5 Nxd5 20. cxd5 Qd7 21. a4 a6 22. Qb3 Qc7 23. Bg3 Nd7 24. e4 Rfe8 25. Bd3 Rac8 26. Bc2 Rb8 27. Rfe1 Ba8 28. Bd3 Bb7 29. Bc2 Rec8 30. Qc4 Re8 1-0

[Event "EU-ch U12 Girls 24th"]
[Site "Batumi"]
[Date "2014.10.23"]
[Round "5"]
[White "Hercog, Nusa"]
[Black "Hrysogelou, Athanasia Panagiota"]
[Result "1/2-1/2"]
[WhiteElo "1738"]
[BlackElo "1635"]
[PlyCount "61"]
[EventDate "2014.10.19"]
[EventType "swiss"]
[EventRounds "9"]
[EventCountry "GEO"]
[SourceTitle "EXT 2016"]
[Source "ChessBase"]
[SourceDate "2015.10.08"]
[SourceVersion "1"]
[SourceVersionDate "2015.10.08"]
[SourceQuality "1"]

1. d4 Nf6 2. Nf3 e6 3. e3 b6 4. c4 Bb7 5. Bd3 d5 6. 0-0 Bd6 7. Nc3 0-0 8. Qe2 Ne4 9. Nd2 f5 10. cxd5 exd5 11. Nb5 Be7 12. f3 Nxd2 13. Bxd2 a6 14. Nc3 Bg5 15. Rac1 a5 16. e4 Bxd2 17. Qxd2 dxe4 18. Bc4+ Kh8 19. fxe4 fxe4 20. Rxf8+ Qxf8 21. Rf1 Qd8 22. d5 Nd7 23. Qd4 Nf6 24. Nxe4 Nxe4 25. Qxe4 Qd6 26. Bd3 Qh6 27. Qf5 g6 28. Qf3 Qg7 29. Qf6 Qxf6 30. Rxf6 Kg7 31. Rf4 1/2-1/2

[Event "EU-ch U12 Girls 24th"]
[Site "Batumi"]
[Date "2014.10.20"]
[Round "2"]
[White "Hrysogelou, Athanasia Panagiota"]
[Black "Antova, Gabriela"]
[Result "1/2-1/2"]
[WhiteElo "1635"]
[BlackElo "2017"]
[PlyCount "44"]
[EventDate "2014.10.19"]
[EventType "swiss"]
[EventRounds "9"]
[EventCountry "GEO"]
[SourceTitle "EXT 2016"]
[Source "ChessBase"]
[SourceDate "2015.10.08"]
[SourceVersion "1"]
[SourceVersionDate "2015.10.08"]
[SourceQuality "1"]

1. e4 e5 2. Nf3 Nf6 3. d4 exd4 4. e5 Ne4 5. Qxd4 d5 6. exd6 Nxd6 7. Nc3 Nc6 8. Qf4 g6 9. Bd3 Bg7 10. Bd2 h6 11. 0-0 0-0 12. h3 Be6 13. Rfe1 a6 14. Rad1 Qc8 15. Qh4 Qd8 16. Qg3 Qf6 17. Bf4 Rad8 18. Kh2 g5 19. Bd2 Nb4 20. Ne4 Qg6 21. Nc5 Nxd3 22. Nxd3 b6 1/2-1/2